Vista normal Vista MARC

Entrada Personal Name

Número de registros utilizados en: 1

001 - CONTROL NUMBER

  • control field: 18366

003 - CONTROL NUMBER IDENTIFIER

  • control field: OSt

005 - DATE AND TIME OF LATEST TRANSACTION

  • control field: 20210310221535.0

008 - FIXED-LENGTH DATA ELEMENTS

  • fixed length control field: 210310|| aca||aabn | a|a d

040 ## - CATALOGING SOURCE

  • Original cataloging agency: OSt
  • Transcribing agency: OSt

100 ## - HEADING--PERSONAL NAME

  • Personal name: David de Ferranti, Guillermo E. Perry, Indermit S. Gill, Luis Serven

670 ## - SOURCE DATA FOUND

  • Source citation: Work cat.: (OSt): David de Ferranti, Guillermo E. Perry, Indermit S. Gill, Luis Serven , Asegurando el futuro en una economia globalizada , 2000